Raymond Chandler Novels Quiz Stats

 Plays Quiz Updated Apr 3, 2020

Support Sporcle.
Go Orange.
Score 0/7 Timer 05:00
0 Plays Today
Year Novel % Correct
1939The Big Sleep
94.1%
1953The Long Goodbye
59.4%
1940Farewell, My Lovely
58.2%
1943The Lady in the Lake
53.7%
1942The High Window
45.5%
1949The Little Sister
45%
1958Playback
35.8%

From the Vault

TV Pet/Owner Match Up

by Sarahbelle

Dog is man's best friend, or possibly an alligator or turtle.
Remove Ads.
Support Sporcle.
Get the best of Sporcle when you Go Orange. This ad-free experience offers more features, more stats, and more fun while also helping to support Sporcle. Thank you for becoming a member.

Show Comments

Extras

Top Quizzes Today


Score Distribution

Your Account Isn't Verified!

In order to create a playlist on Sporcle, you need to verify the email address you used during registration. Go to your Sporcle Settings to finish the process.

Report this User

Report this user for behavior that violates our Community Guidelines.

Details: